00279nam a2200097Ia 4500008004100000245005400041245001500095260000900110650001400119856004800133171211s9999 xx 000 0 und d aJam Today Too: The Revolution Will Not Be Catered cTod Davies c2014 xCOOKBOOKS uhttp://down.ebook777.com/062/1935259253.pdf